000 00622nam a2200217 a 4500
001 17310
003 BD-RjUL
005 20211209000123.0
008 140216s1965 enk b 001 0 eng d
035 _a(BD-RjUL)17368
040 _aNUN
_beng
_cNUN
_dABN-SNR
_dBD-RjUL
041 _aeng
082 0 4 _a658.8
_bROM 1965
_219
100 1 _aRodger, Leslie W.
_953348
245 1 0 _aMarketing in a competitive economy /
_bLeslie W. Rodger.
260 _aLondon :
_bHutchinson,
_c1965.
300 _a253 p. ;
_c24 cm.
504 _aIncludes bibliographical references and index.
650 0 _aMarketing.
_953349
942 _2ddc
_cBK
999 _c17310
_d17310